000 00482nam a22001457a 4500
003 MACL
005 20160320121842.0
008 160320b xxu||||| |||| 00| 0 eng d
040 _cMACL
041 _aHindi
100 _aसिंह विष्‍णु प्रिया
_936931
245 _aईटरनेट
_bइलस्‍ट्रेटिड
260 _aनई दिल्‍ल्‍ाी
_bएशियन पब्लिशर्स
_c1999
942 _2ddc
_cHIN
999 _c53583
_d53583